[Event "JUG-chT"]
[Site "Nis"]
[Date "1994.??.??"]
[Round "?"]
[White "Blagojevic, Dragisa"]
[Black "Kulak, Dejan"]
[Result "1-0"]
[WhiteElo "2475"]
[BlackElo "2305"]

1.d4 d5 2.c4 Nc6 3.cxd5 Qxd5 4.e3 e5 5.Nc3 Bb4 6.Bd2 Bxc3 7.bxc3 Nge7 8.c4 Qd6
9.d5 Nb8 10.Nf3 O-O 11.Bc3 Nd7 12.Be2 c6 13.dxc6 Qxc6 14.Bb4 Re8 15.O-O f6
16.Qb3 Nf8 17.Nd2 Be6 18.Qa3 Nf5 19.Bf3 Qc7 20.Rab1 a5 21.Bxf8 Rxf8 22.Rxb7 Qd8
23.Rd1 Nh4 24.Be2 Qc8 25.Rbb1 Rd8 26.g3 Ng6  1-0

[Event "JUG-chT"]
[Site "Nis"]
[Date "1994.??.??"]
[Round "?"]
[White "Lazarev, Vladimir"]
[Black "Petronijevic, Zoran"]
[Result "0-1"]
[WhiteElo "2445"]
[BlackElo "2345"]

1.d4 d5 2.c4 Nc6 3.Nc3 e5 4.cxd5 Nxd4 5.e3 Nf5 6.Nf3 Bd6 7.Bb5+ Bd7 8.Qb3 Rb8
9.Bxd7+ Qxd7 10.e4 Nfe7 11.Be3 Nc8 12.Nd2 Nge7 13.O-O O-O 14.a4 Ng6 15.a5 f5
16.f3 h6 17.Na4 a6 18.exf5 Qxf5 19.Ne4 Nf4 20.Nac5 Bxc5 21.Nxc5 Nd6 22.g3 Ng6
23.Rac1 Qf7 24.Ne6 Rfc8 25.f4 e4 26.Bd4 Nf5 27.Ba7 Ra8 28.Qxb7 Nd6 29.Qxa6 c6
30.Rxc6 Rxc6 31.Qxc6 Qxa7+ 32.Kh1 e3 33.Qxd6 e2 34.Re1 Qf2 35.Qb4 Qf1+  0-1

[Event "Peristeri"]
[Site "Peristeri"]
[Date "1994.??.??"]
[Round "7"]
[White "Moutousis, Konstantinos"]
[Black "Atalik, Suat"]
[Result "0-1"]
[WhiteElo "2425"]
[BlackElo "2535"]

1.d4 d5 2.c4 Nc6 3.Nf3 Bg4 4.cxd5 Bxf3 5.exf3 Qxd5 6.Nc3 Qxd4 7.Qc2 Qd7 8.Bb5 a6
9.Ba4 e5 10.Be3 Bd6 11.Ne4 Nge7 12.Nc5 Qc8 13.h4 O-O 14.g4 Nd5 15.Bxc6 bxc6
16.Ne4 f5 17.gxf5 Qxf5 18.O-O-O Qxf3 19.Ng5 Qf5 20.Qxc6 Nf4 21.Qc4+ Kh8 22.Rhg1 Rab8
23.Qc2 h6 24.Ne4 Ne2+ 25.Qxe2 Qxe4 26.Qc2 Qxh4 27.Rh1 Qf6 28.Rdg1 e4 29.Kb1 Bf4
30.Rg4 Bxe3 31.fxe3 Qf1+ 32.Qc1 Rxb2+ 33.Kxb2 Rb8+  0-1

[Event "Praha Mladi-B"]
[Site "Prague"]
[Date "1994.??.??"]
[Round "6"]
[White "Koukolik, Alexander"]
[Black "Galandauer, Jan"]
[Result "1/2-1/2"]
[WhiteElo "2200"]
[BlackElo "2250"]

1.d4 d5 2.c4 Nc6 3.Bf4 e5 4.Bxe5 Nxe5 5.dxe5 d4 6.Nf3 Bb4+ 7.Nbd2 c5 8.a3 Bxd2+
9.Qxd2 Ne7 10.O-O-O Nc6 11.e3 Bg4 12.Be2 Bxf3 13.Bxf3 Na5 14.Kb1 Qb6 15.exd4 O-O-O
16.Bd5 Nb3 17.Qe3 cxd4 18.Qd3 a5 19.f3 Kb8 20.Rhe1 a4 21.Qe4 Qh6 22.f4 Qxh2
23.c5 Rc8 24.Bxb3 axb3 25.Rxd4 Rxc5 26.Rd7 Rb5 27.Qc4 Rb6 28.Qc7+ Ka7 29.Qc5 Qxg2
30.Rd6 Qc2+ 31.Qxc2 bxc2+ 32.Kxc2 Rc8+ 33.Kb1 h5 34.Rd7 Rf8 35.f5 g5 36.e6 fxe6
37.fxe6 Re8 38.e7 Rh6 39.Rd8 Rhh8 40.Red1 g4 41.Rh1 Rxd8 42.exd8=Q Rxd8 43.Rxh5 Rg8
44.Rh2 g3 45.Rg2  1/2-1/2

[Event "ROM-ch (Women)"]
[Site "ROM"]
[Date "1994.??.??"]
[Round "?"]
[White "Belc Popovici, Daniela"]
[Black "Cosma, Elena Luminita"]
[Result "1/2-1/2"]
[WhiteElo "2070"]
[BlackElo "2320"]

1.d4 d5 2.c4 Nc6 3.Nf3 Bg4 4.cxd5 Bxf3 5.dxc6 Bxc6 6.Nc3 Nf6 7.Bg5 e6 8.e3 a6
9.Qc2 Be7 10.O-O-O O-O 11.e4 h6 12.Bxf6 Bxf6 13.e5 Be7 14.f4 Bb4 15.Bd3 Kh8
16.Ne2 Bd5 17.Kb1 c5 18.a3 c4 19.Be4 Ba5 20.Bxd5 Qxd5 21.f5 exf5 22.Nf4 Qe4
23.Qxe4 fxe4 24.h4 Rfe8 25.g4 Rad8 26.Kc2 e3 27.Rh3 Bd2 28.Ne2 Re6 29.g5 Kg8
30.Rf1 Rb6 31.Rhf3 Rd7 32.Rf4 a5 33.R1f3 a4 34.Re4 Ra6 35.Nc3 Kh7 36.Nb1 Rb6  1/2-1/2

[Event "St Petersburg op2"]
[Site "St Petersburg"]
[Date "1994.??.??"]
[Round "4"]
[White "Dokuchaev, Aleksander"]
[Black "Rychagov, Andrei"]
[Result "0-1"]
[WhiteElo "2410"]
[BlackElo "2270"]

1.d4 d5 2.c4 Nc6 3.Nc3 e5 4.cxd5 Nxd4 5.e3 Nf5 6.Nf3 Bd6 7.e4 Nfe7 8.h4 h6
9.Nd2 Nf6 10.Nc4 O-O 11.Be2 Bb4 12.Bf3 c6 13.d6 Ng6 14.h5 Be6 15.Ne3 Nf4
16.g3 Nh3 17.Nf5 Bxf5 18.exf5 Ng5 19.Bxg5 hxg5 20.Qd2 e4 21.Be2 Nd5 22.a3 e3
23.Qd4 Qa5 24.h6 Bxc3+ 25.bxc3 Qxc3+ 26.Qxc3 Nxc3 27.fxe3 Rad8 28.Rc1 Ne4
29.Bd3 Nf6 30.hxg7 Kxg7 31.Ke2 Rxd6 32.Rhd1 Rfd8 33.Rc4 Nd7 34.Bc2 Rxd1 35.Bxd1 Ne5
36.Ra4 a6 37.Rb4 b5 38.Rd4 Rh8 39.Rd6 Rh2+ 40.Ke1 Rh1+ 41.Ke2  0-1

[Event "LTU-ch (Women)"]
[Site "Vilkaviskis"]
[Date "1994.??.??"]
[Round "4"]
[White "Dambravaite, Rita"]
[Black "Bandziene, Rasa"]
[Result "1/2-1/2"]
[WhiteElo "2180"]
[BlackElo "2100"]

1.d4 d5 2.c4 Nc6 3.cxd5 Qxd5 4.Nf3 e5 5.Nc3 Bb4 6.Bd2 Bxc3 7.Bxc3 e4 8.Ne5 Nge7
9.e3 Nxe5 10.dxe5 Qxd1+ 11.Rxd1 Bg4 12.Be2 Bxe2 13.Kxe2 Nc6 14.f4 exf3+ 15.gxf3 Ke7
16.e6 Kxe6 17.Bxg7 Rhd8 18.Bc3 Rxd1 19.Rxd1 Rg8 20.Kf2 f6 21.f4 h5 22.e4 Rg4
23.Kf3 Rh4 24.Rg1 Kf7 25.Rg2 Rh3+ 26.Ke2 Rh4 27.Kf3 Rh3+ 28.Kf2 Rd3 29.Rg3 Rd8
30.a3 b5 31.b3  1/2-1/2

[Event "LTU-ch (Women)"]
[Site "Vilkaviskis"]
[Date "1994.??.??"]
[Round "9"]
[White "Paulauskiene, Vilma"]
[Black "Bandziene, Rasa"]
[Result "1/2-1/2"]
[WhiteElo "2065"]
[BlackElo "2100"]

1.d4 d5 2.c4 Nc6 3.Nf3 e5 4.dxe5 Bb4+ 5.Bd2 dxc4 6.e3 Be6 7.Qa4 Qe7 8.a3 Bxd2+
9.Nbxd2 a6 10.Nxc4 Bd7 11.Qc2 Nh6 12.Bd3 Ng4 13.O-O Ngxe5 14.Ncxe5 Nxe5 15.Nxe5 Qxe5
16.Be4 O-O-O 17.Rac1 c6 18.b4 Rhe8 19.Bd3 g6 20.a4 Bf5 21.Bxf5+ gxf5 22.Qc4 Rd5
23.Rfd1  1/2-1/2

[Event "LTU-ch  Vilnius"]
[Site "Vilnius"]
[Date "1994.??.??"]
[Round "5"]
[White "Sakalauskas, Vaidas"]
[Black "Novikov, Vitalij"]
[Result "1-0"]
[WhiteElo "2380"]
[BlackElo "2315"]

1.d4 d5 2.c4 Nc6 3.Nc3 dxc4 4.Nf3 Nf6 5.e4 Bg4 6.d5 Ne5 7.Bf4 Ng6 8.Bg3 e5
9.Bxc4 Bd6 10.O-O O-O 11.h3 Bd7 12.Ne1 a6 13.a4 c6 14.Nc2 cxd5 15.Bxd5 Nxd5
16.Nxd5 Bc6 17.Nce3 Bc5 18.Qb3 Bxd5 19.Nxd5 Qg5 20.Kh1 Rab8 21.a5 h5 22.Rac1 Bd6
23.Rfd1 h4 24.Bh2 Rfc8 25.Rxc8+ Rxc8 26.Ne3 Bc5 27.Rd7 Rf8 28.Rxb7 Bxe3 29.fxe3 Qf6
30.Bg1 Qf1 31.Rb8 Kh7 32.Rxf8 Nxf8 33.Qd5 Ne6 34.b4 Qf6 35.b5 axb5 36.Qb7  1-0

[Event "LTU-ch  Vilnius"]
[Site "Vilnius"]
[Date "1994.??.??"]
[Round "13"]
[White "Slekys, Emilis"]
[Black "Novikov, Vitalij"]
[Result "0-1"]
[WhiteElo "2380"]
[BlackElo "2315"]

1.d4 d5 2.c4 Nc6 3.Nf3 e5 4.dxe5 Bb4+ 5.Bd2 dxc4 6.e3 Be6 7.Qc2 Qd5 8.Nc3 Qc5
9.a3 Ba5 10.Qe4 O-O-O 11.Be2 Nge7 12.O-O Ng6 13.Rfd1 Ngxe5 14.Ng5 Qe7 15.Nxe6 Qxe6
16.Rab1 Qg6 17.Qxg6 hxg6 18.f4 Nd3 19.Ne4 Bb6 20.Ng3 Nxf4 21.Bxc4 Ne5 22.Bf1 Rxd2
23.Rxd2 Bxe3+ 24.Rf2 Nfd3 25.Bxd3 Nxd3 26.Nh1 Rh5  0-1

[Event "Werfen op"]
[Site "Werfen"]
[Date "1994.??.??"]
[Round "?"]
[White "Grabert, Ralf"]
[Black "Pinkas, Karol"]
[Result "1/2-1/2"]
[WhiteElo "2220"]
[BlackElo "2335"]

1.d4 d5 2.c4 Nc6 3.Nf3 Bg4 4.Nbd2 dxc4 5.Qa4 Bxf3 6.Nxf3 e5 7.e3 Bb4+ 8.Bd2 Bxd2+
9.Kxd2 exd4 10.exd4 Qf6 11.Rd1 Ne7 12.Bxc4 O-O 13.Rhe1 a6 14.Qc2 Nf5 15.d5 Ncd4
16.Nxd4 Nxd4 17.Qd3 c5 18.dxc6 Nxc6 19.Qc3 Qf4+ 20.Kc2 b5 21.Bd5 Nb4+ 22.Kb1 Nxd5
23.Rxd5 Qxf2 24.Qd2 Qxd2 25.Rxd2 Ra7 26.Kc2 h5 27.Re5 g6 28.Kb3 Rb8 29.Rdd5 Rc7
30.Rc5 Rd7 31.Re2 Rbb7 32.a4 Rd4 33.axb5 Rxb5+ 34.Kc3 Rg4 35.Rc8+ Kg7 36.Rf2 Rb7
37.Ra8 Ra4 38.g3 f5 39.Rd2 Rb6 40.Rd7+ Kf6 41.h4 Rg4 42.Rd3 Rc6+ 43.Kd2 Rb4
44.b3 Ke5 45.Ke3 Rcb6 46.Kf2 Re6 47.Rc8 Reb6 48.Rc5+ Ke6 49.Rcc3 Rg4 50.Re3+ Kf6
51.Rc8 Re4 52.Rd3 Rbe6 53.Kf3 Re1 54.Rf8+ Kg7 55.Rb8 Rf1+ 56.Kg2 Rb1 57.Kf3 Rb2
58.Rc3 Rbe2 59.Kf4 R6e4+ 60.Kf3 Re5 61.Kf4 R2e4+ 62.Kf3 Rb5 63.Rd8 Rb6 64.Rc7+ Kf6
65.Rf8+ Ke6 66.Rc3 Ke7 67.Ra8 Reb4 68.Kf2 Kd7 69.Re3 f4 70.gxf4 Rxf4+ 71.Kg3 Rg4+
72.Kh3 Rgb4 73.Kg2 Rxh4 74.Rf3 Rg4+ 75.Kh2 Kc6 76.Rc8+ Kb5 77.Re8 Kb4 78.Re1 Ka3
79.Re2 Rd6 80.Re5 Rb4 81.Rf1 Rd2+ 82.Kh1 Kxb3 83.Re3+ Kc2 84.Re6 a5 85.Rxg6 a4
86.Ra6 Rd1 87.Rc6+  1/2-1/2

[Event "Ibercaja op"]
[Site "Zaragoza"]
[Date "1994.??.??"]
[Round "1"]
[White "Martin, Stefan"]
[Black "Mellado Trivino, Juan"]
[Result "0-1"]
[WhiteElo "2220"]
[BlackElo "2395"]

1.d4 d5 2.c4 Nc6 3.cxd5 Qxd5 4.Nf3 e5 5.Nc3 Bb4 6.Bd2 Bxc3 7.Bxc3 e4 8.Ne5 Nge7
9.e3 Nxe5 10.dxe5 Qxd1+ 11.Rxd1 Be6 12.b3 Nd5 13.Bd4 O-O-O 14.Bc4 Nb4 15.Bxe6+ fxe6
16.O-O Rd5 17.a4 c5 18.Rc1 b6 19.Rc4 Rhd8 20.g3 Kb7 21.Bc3 Na2 22.Bb2 Rd2
23.Ba3 R8d3 24.Bc1 Rd1 25.Ba3 Rxf1+ 26.Kxf1 Rxb3 27.Bxc5 bxc5 28.Rxc5 Nc3
29.Rc4 a5 30.Rc5 Kb6 31.Rc8 Ra3 32.Re8 Ra1+ 33.Kg2 Rxa4 34.Rxe6+ Kc5 35.Re8 Rc4
36.e6 Kd6 37.e7 a4 38.Rg8 Kxe7 39.Rxg7+ Kd6 40.Rxh7 a3  0-1

[Event "Aegina op"]
[Site "Aegina"]
[Date "1995.??.??"]
[Round "6"]
[White "Banikas, Hristos"]
[Black "Miladinovic, Igor"]
[Result "1/2-1/2"]
[WhiteElo "2375"]
[BlackElo "2555"]

1.d4 d5 2.c4 Nc6 3.cxd5 Qxd5 4.e3 e5 5.Nc3 Bb4 6.Bd2 Bxc3 7.bxc3 exd4 8.cxd4 Nf6
9.Nf3 O-O 10.Be2 Bf5 11.Qa4 Ne4 12.O-O Rfe8 13.Rfd1 a6 14.Qc4 Qd6 15.Be1 Rad8
16.Qb3 Bc8 17.Rac1 h6 18.Qb2 Qf6 19.Ne5 Nxe5 20.dxe5 Qb6 21.Qxb6 cxb6 22.Rd4 Nc5
23.Rcd1 Rd7 24.Bb4 Rc7 25.Rd8 Rxd8 26.Rxd8+ Kh7 27.f3 Bf5 28.Rd6 Nd7 29.f4 Rc1+
30.Rd1 Rxd1+ 31.Bxd1 Nc5 32.Bf3 Be4 33.Bxc5 Bxf3 34.Bxb6 Bd5 35.a3 Kg6 36.Kf2 Kf5
37.a4 h5 38.a5 g5 39.g3 g4 40.Ke2 Ke4 41.Bd8 Bc4+  1/2-1/2

[Event "Agios Nikolaos op"]
[Site "Agios Nikolaos"]
[Date "1995.??.??"]
[Round "1"]
[White "Lirindzakis, Timotheos"]
[Black "Miladinovic, Igor"]
[Result "0-1"]
[WhiteElo "2390"]
[BlackElo "2535"]

1.d4 d5 2.c4 Nc6 3.Nc3 dxc4 4.Nf3 Nf6 5.e4 Bg4 6.Be3 e6 7.Bxc4 Bb4 8.Qc2 O-O
9.Rd1 Qe7 10.Bb5 e5 11.Bxc6 bxc6 12.O-O exd4 13.Rxd4 Bd6 14.e5 Bxe5 15.Nxe5 Qxe5
16.Qa4 Bd7 17.Rfd1 Qf5 18.Rf4 Qe6 19.Rxf6 gxf6 20.Ne4 Rfd8 21.Nc5 Qf5 22.h3 Be6
23.Rd4 Rxd4 24.Qxd4 Bd5 25.Bf4 Re8 26.Bxc7 h5 27.a3 Qg6 28.Bg3 Re1+ 29.Kh2 Qb1
30.Bh4 Rh1+ 31.Kg3 Qg6+ 32.Kf4 Qxg2 33.Qe3 Rxh3 34.Bg3 Kg7  0-1

[Event "Andorra op"]
[Site "Andorra"]
[Date "1995.??.??"]
[Round "6"]
[White "Komarov, Dimitri"]
[Black "Arencibia, Walter"]
[Result "1/2-1/2"]
[WhiteElo "2575"]
[BlackElo "2485"]

1.d4 d5 2.c4 Nc6 3.Nc3 Nf6 4.Bg5 Ne4 5.Nxe4 dxe4 6.d5 e6 7.Bxd8 Bb4+ 8.Qd2 Bxd2+
9.Kxd2 Nxd8 10.e3 exd5 11.cxd5 Ke7 12.Ne2 f5 13.Rc1 Kd6 14.Nc3 a6 15.f3 exf3
16.gxf3 Nf7 17.f4 g5 18.Be2  1/2-1/2

[Event "Ano Liosia op"]
[Site "Ano Liosia"]
[Date "1995.??.??"]
[Round "5"]
[White "Atalik, Suat"]
[Black "Miladinovic, Igor"]
[Result "1/2-1/2"]
[WhiteElo "2500"]
[BlackElo "2535"]

1.d4 d5 2.c4 Nc6 3.Nc3 e6 4.Nf3 Bb4 5.e3 Nf6 6.Bd3 O-O 7.O-O dxc4 8.Bxc4 a6
9.h3 h6 10.Re1 Bd6 11.e4 e5 12.Be3 b5 13.Bb3 Bb7 14.d5 Na5 15.Nd2 c6 16.dxc6 Bxc6
17.Bc2 Rc8 18.a3 Bb7 19.Ne2 Bc5 20.Bxc5 Rxc5 21.Nc3 Rc7 22.Qe2 Nc6 23.Nf3 Nd4
24.Qd3 Nxc2 25.Qxc2 Qa8 26.Qe2 Re8 27.Rad1 Rc4 28.Nd2 Rd4 29.f3 Nh5 30.Nb3 Nf4
31.Qe3 Rxd1 32.Rxd1 Rd8 33.Qb6 Rxd1+ 34.Nxd1 Qc8 35.Nc5 Bc6 36.Ne3 Kh7 37.Nf5 Ne2+
38.Kf2 Nd4 39.Nxd4 exd4 40.b4 Be8 41.Qd6 f6 42.Ke2 Bf7 43.Kd3 Bc4+ 44.Kxd4 Bf1
45.g4 Bxh3 46.Ke3 Bf1 47.Qd7 Qg8 48.Kf2 Bc4 49.f4 Qb8 50.Ke3 Kh8 51.Kf3 g5
52.Qf5 Qd6 53.Qc8+ Bg8 54.fxg5 hxg5 55.Qd7 Qf4+ 56.Kg2 Qe5 57.Qf5 Qb2+ 58.Qf2 Qe5  1/2-1/2

[Event "Antwerp op"]
[Site "Antwerp"]
[Date "1995.??.??"]
[Round "4"]
[White "Van der Sterren, Paul"]
[Black "Formanek, Edward W"]
[Result "0-1"]
[WhiteElo "2545"]
[BlackElo "2350"]

1.d4 d5 2.c4 Nc6 3.Nc3 dxc4 4.Nf3 a6 5.e4 Bg4 6.Bxc4 Bxf3 7.Qxf3 e6 8.d5 Ne5
9.Qe2 Nxc4 10.Qxc4 exd5 11.Nxd5 c6 12.Nc3 Bd6 13.Be3 Qc7 14.O-O-O O-O-O 15.e5 Bxe5
16.Rxd8+ Qxd8 17.Rd1 Qc7 18.Qb4 Nf6 19.Bb6 Bxc3 20.bxc3 Qe5 21.f4 Qe6 22.Qd4 Qe7
23.f5 Re8 24.c4 Nd7 25.Ba5 Qe3+ 26.Qxe3 Rxe3 27.Kb2 Re5 28.Bc3 Rxf5  0-1

[Event "Bad Endbach"]
[Site "Bad Endbach"]
[Date "1995.??.??"]
[Round "?"]
[White "Levin, Felix"]
[Black "Kaminski, Marcin"]
[Result "1-0"]
[WhiteElo "2490"]
[BlackElo "2455"]

1.d4 d5 2.c4 Nc6 3.Nf3 Bg4 4.cxd5 Bxf3 5.gxf3 Qxd5 6.e3 e6 7.Nc3 Qh5 8.f4 Qxd1+
9.Kxd1 O-O-O 10.Bg2 Nce7 11.Ke2 Nf6 12.Bd2 Nf5 13.Rhg1 h6 14.Bh3 Rg8 15.f3 Kb8
16.Ne4 Nd5 17.Bxf5 exf5 18.Ng3 Ne7 19.Bc3 g6 20.e4 Bg7 21.Rad1 Bf6 22.d5 Bxc3
23.bxc3 fxe4 24.fxe4 f5 25.c4 fxe4 26.Nxe4 b6 27.Kf3 Rgf8 28.Kg4 Nf5 29.Rde1 Rde8
30.Nd2 Nd4 31.Re5 g5 32.Rxe8+ Rxe8 33.fxg5 hxg5 34.Rg2 Re5 35.Nb3 Ne2 36.Rf2 Kb7
37.Rf7 Kc8 38.Nd2 Nd4 39.Nf3 Re4+ 40.Kxg5 Nxf3+ 41.Rxf3 Rxc4 42.h4 Rc2 43.h5 Rxa2
44.h6 Rh2 45.Rf7 a5 46.h7 a4 47.Rf8+ Kd7 48.h8=Q Rxh8 49.Rxh8 Kd6 50.Rd8+ Ke5
51.Kg4 Ke4 52.Kg3 b5 53.Kf2 a3 54.Ke2 b4 55.Rb8 Kd4 56.Rxb4+ Kc3 57.Rb7 a2
58.Rxc7+ Kb2 59.Ra7  1-0

[Event "Oberliga Bayern9596"]
[Site "Bayern"]
[Date "1995.??.??"]
[Round "?"]
[White "De Francesco, Klaus"]
[Black "Boehm, Uwe"]
[Result "1-0"]
[WhiteElo "2280"]
[BlackElo "2265"]

1.d4 d5 2.c4 Nc6 3.Nc3 Nf6 4.cxd5 Nxd5 5.e4 Nxc3 6.bxc3 e5 7.d5 Nb8 8.Nf3 Bd6
9.Be2 O-O 10.O-O Nd7 11.Be3 Qe7 12.Rb1 Nc5 13.Nd2 b6 14.Qc2 Bd7 15.Bb5 Bg4
16.f3 Bh5 17.Nb3 Bg6 18.Bc4 Kh8 19.Qd2 f6 20.Bb5 h6 21.Qf2 Nxb3 22.axb3 f5
23.exf5 Bxf5 24.Ra1 a5 25.Qd2 Qf7 26.Bc6 Rad8 27.Ra4 Qg6 28.Bb5 Rf6 29.Rh4 Rdf8
30.Bg5 Bc5+ 31.Kh1 Qf7 32.Bxf6 Qxf6 33.Rc4 Qg6 34.Rxc5 bxc5 35.Qe3 Qd6 36.c4 Bg6
37.Re1 Rf5 38.Qc3 Rh5 39.h3 Qf6 40.Bd7 Rg5 41.Be6 Bf5 42.Qxa5 Bxe6 43.dxe6 Qxe6
44.Qxc5 Qg6 45.Qxc7 Rxg2 46.Qxe5 Rg3 47.Qe8+ Qxe8 48.Rxe8+ Kh7 49.Re3 Rxh3+
50.Kg2 Rh4 51.c5 Rd4 52.Rc3 Kg6 53.c6 Rd8 54.c7 Rc8 55.b4 Kf7 56.b5 Ke7 57.b6 Kd7
58.b7 Rxc7 59.Rd3+  1-0

[Event "Regionalliga SO9495"]
[Site "Bayern"]
[Date "1995.??.??"]
[Round "3"]
[White "Bielmeier, Ludwig"]
[Black "Schweiger, Georg"]
[Result "1-0"]
[WhiteElo "2025"]
[BlackElo "2100"]

1.d4 d5 2.c4 Nc6 3.Nc3 e5 4.cxd5 Nxd4 5.e3 Nf5 6.g3 a6 7.Bg2 Bd6 8.Nf3 Nf6
9.e4 Ne7 10.Nd2 Ng6 11.Nc4 O-O 12.O-O Bg4 13.Qb3 Rb8 14.Be3 Qd7 15.Ba7 Bh3
16.Ne3 Bxg2 17.Kxg2 Ra8 18.Qxb7 Qc8 19.Qxc8 Rfxc8 20.f4 Rxa7 21.f5 Nf8 22.Nc4 Rb7
23.Kf3 N8d7 24.g4 Rb4 25.b3 Rbb8 26.g5 Ne8 27.h4 Bb4 28.Ne2 Nd6 29.Ne3 Bd2
30.Ng4 f6 31.gxf6 gxf6 32.Rfd1 Ba5 33.Rac1 Rb4 34.Ng3 Rd4 35.Nh5 Rxd1 36.Nh6+ Kh8
37.Rxd1 Bb6 38.Rd2 Rf8 39.Rg2 Ne8 40.b4 Bd4 41.Rg8+ Rxg8 42.Nf7+  1-0

[Event "Lee Cup"]
[Site "Beijing"]
[Date "1995.??.??"]
[Round "9"]
[White "Wang Rui"]
[Black "Wang Wenhao"]
[Result "1/2-1/2"]
[WhiteElo "2000"]
[BlackElo "2350"]

1.d4 d5 2.c4 Nc6 3.Nc3 Nf6 4.cxd5 Nxd5 5.e4 Nxc3 6.bxc3 e5 7.d5 Nb8 8.Nf3 Bd6
9.Bg5 f6 10.Be3 Nd7 11.Bb5 O-O 12.O-O Nc5 13.Nd2 a6 14.Be2 b5 15.f3 Qe7 16.Nb3 Bd7
17.Qd2 a5 18.Nxc5 Bxc5 19.Kh1 Rfb8 20.Rfd1 Kf8 21.Rac1 Qd6 22.Bd3 Qb6 23.Bxc5+ Qxc5
24.Rf1 Re8 25.g4 h6 26.h4 g5 27.Kg2 Kg7 28.Rh1 Rh8 29.Rc2 Rab8 30.Kg3 c6
31.Qe2 h5 32.dxc6 Bxc6 33.hxg5 h4+ 34.Rxh4 Rxh4 35.gxf6+ Kxf6 36.Kxh4 Rh8+
37.Kg3 Qg1+ 38.Qg2 Qe1+ 39.Rf2 Qe3 40.Qg1 Qxd3 41.Rh2 Rxh2 42.Qxh2 Bxe4 43.Qh8+  1/2-1/2

[Event "Belgrade Invest"]
[Site "Belgrade"]
[Date "1995.??.??"]
[Round "3"]
[White "Lautier, Joel"]
[Black "Miladinovic, Igor"]
[Result "0-1"]
[WhiteElo "2645"]
[BlackElo "2555"]

1.d4 d5 2.c4 Nc6 3.Nc3 dxc4 4.Nf3 Nf6 5.Bg5 h6 6.Bf4 e6 7.e3 Be7 8.Bxc4 O-O
9.Rc1 b6 10.O-O Bb7 11.Bb5 a6 12.Ba4 Rc8 13.a3 Na5 14.Ne5 c5 15.dxc5 bxc5
16.Qe2 Nd5 17.Bg3 Nxc3 18.Rxc3 Qd5 19.e4 Qxe4 20.Qxe4 Bxe4 21.Nd7 Rfd8 22.Nb6 Rb8
23.Bxb8 Rxb8 24.Nd7 Rxb2 25.Nxc5 Bd5 26.Rfc1 Nc4 27.Nd3 Rd2 28.Nb4 Nxa3 29.Nxa6 Rd4
30.Rc8+ Kh7 31.Bc6 Bg5 32.f4 Bxf4 33.Rc3 Nb1 34.Rh3 Bc4 35.g4 Bxa6 36.Ra8 Bc4
37.Ra4 Nd2 38.Rc3 e5 39.Kf2 g6 40.h3 Kg7  0-1

[Event "Benasque op"]
[Site "Benasque"]
[Date "1995.??.??"]
[Round "3"]
[White "Bernal Moro, Luis Javier"]
[Black "Arencibia, Walter"]
[Result "1-0"]
[WhiteElo "2400"]
[BlackElo "2515"]

1.d4 d5 2.c4 Nc6 3.Nc3 dxc4 4.Nf3 Nf6 5.e3 Bg4 6.Bxc4 e6 7.h3 Bh5 8.O-O a6
9.Be2 Bd6 10.b3 Qe7 11.Bb2 O-O-O 12.Rc1 e5 13.Nxe5 Nxe5 14.Bxh5 Kb8 15.Be2 Ng6
16.b4 c6 17.Na4 Nd5 18.Nc5 Rhe8 19.Qa4 Qg5 20.Nxa6+ bxa6 21.Rxc6 Nh4 22.Bg4 Nc7
23.Rb6+ Ka7 24.Qc6 Qd5 25.Rb7+ Ka8 26.Rxc7+ Qxc6 27.Rxc6  1-0

[Event "Biel op"]
[Site "Biel"]
[Date "1995.??.??"]
[Round "7"]
[White "Razuvaev, Yuri S"]
[Black "Kaminski, Marcin"]
[Result "1/2-1/2"]
[WhiteElo "2585"]
[BlackElo "2495"]

1.d4 d5 2.c4 Nc6 3.cxd5 Qxd5 4.e3 e5 5.Nc3 Bb4 6.Bd2 Bxc3 7.bxc3 Qd6 8.Bd3 f5
9.Bc4 Be6 10.Bxe6 Qxe6 11.Qb3 Qxb3 12.axb3 Nf6 13.Nf3 exd4 14.cxd4 O-O-O
15.O-O  1/2-1/2

[Event "Bratislava op"]
[Site "Bratislava"]
[Date "1995.??.??"]
[Round "4"]
[White "Deak, Gabriel"]
[Black "Holubcik, M."]
[Result "1/2-1/2"]
[WhiteElo "1915"]
[BlackElo "2040"]

1.c4 Nc6 2.d4 d5 3.e3 dxc4 4.Bxc4 Nf6 5.Nf3 e6 6.O-O Be7 7.Nc3 O-O 8.a3 a6
9.b4 b5 10.Ba2 a5 11.Nxb5 Ba6 12.Bc4 Qb8 13.Qe2 axb4 14.a4 Na5 15.Na3 Nxc4
16.Nxc4 Bb5 17.Qc2 Qa7 18.a5 Ne4 19.Bb2 Rab8 20.Rfc1 Qb7 21.Nce5 c5 22.a6 Qd5
23.a7 Ra8 24.Ra5 Qb7 25.Rca1 Rfc8 26.dxc5 Bxc5 27.Qb3 Rxa7 28.Rxa7 Bxa7 29.Qxb4 Bc5
30.Qa5 Qb6 31.Qxb6 Bxb6 32.Bd4  1/2-1/2

[Event "RUS-sf"]
[Site "Briansk"]
[Date "1995.??.??"]
[Round "2"]
[White "Lavrov, Andrey"]
[Black "Bigaliev, Renat"]
[Result "1/2-1/2"]
[WhiteElo "2385"]
[BlackElo "2360"]

1.d4 d5 2.c4 Nc6 3.Nf3 e5 4.dxe5 Bb4+ 5.Bd2 dxc4 6.Qa4 Qe7 7.e3 Bd7 8.Bxc4 Bxd2+
9.Nbxd2 Nxe5 10.Qb3 Nxf3+ 11.Nxf3 Rb8 12.O-O Nf6 13.Qc3 O-O 14.Qa5 b6 15.Qxa7 Qc5
16.Rfc1 Ra8 17.Qxc7 Qxc7 18.Bxf7+ Kxf7 19.Rxc7 Rfc8 20.Rxc8 Rxc8 21.Nd4 b5
22.Kf1 Ne4 23.Ke2 Nd6 24.b3 Nf5 25.Nxf5 Bxf5 26.a4 Rc2+ 27.Kf3 Rb2 28.axb5 Rxb3
29.Ra7+ Kf6 30.Rb7 Rb4 31.Rb8 h5 32.b6 h4 33.Ke2 Rb2+ 34.Ke1 Be4 35.f3 Bc6
36.Kf1 Bb5+ 37.Ke1 Bc6 38.Kf1 Bb5+ 39.Ke1 Ba6 40.h3 Kg6 41.e4 Kg5 42.Kd1 Kf4
43.Kc1 Rb5 44.Rg8 g5 45.Rf8+ Ke3 46.Rf6 Bc8 47.Rc6 Bb7 48.Rf6 Bc8 49.Rc6 Ba6
50.Rf6 Kf2 51.Rf5 Rxb6 52.Rxg5 Rh6 53.e5 Bf1 54.Rg4 Rc6+ 55.Kd2 Rh6 56.e6 Rxe6
57.Rxh4 Bxg2 58.Re4 Rd6+ 59.Kc3 Kxf3 60.Re8 Bxh3 61.Re7 Be6 62.Rg7 Ke4 63.Rg3 Rb6
64.Rg6 Rb3+ 65.Kc2 Bc4 66.Rg4+ Kd5 67.Rg5+ Kd4 68.Rg4+ Kc5 69.Rf4 Rh3 70.Kd2 Bd3
71.Rf8 Be4 72.Rf2 Kd4 73.Ke2 Ra3 74.Kd2 Rc3 75.Ke2 Re3+ 76.Kd2 Bf3 77.Kc2 Kc4
78.Kd2 Rd3+ 79.Kc2 Be4 80.Kc1 Rd5 81.Rb2 Bd3 82.Kd2 Re5 83.Kc1 Re4 84.Kd2 Re8
85.Kc1 Kd4 86.Kd2 Re2+ 87.Kc1 Re1+ 88.Kd2 Rh1 89.Rb4+ Bc4 90.Rb2 Rh3 91.Kc2 Bd3+
92.Kb3 Be4+ 93.Kb4 Rh8 94.Rd2+ Bd3 95.Rb2 Rb8+ 96.Ka3 Ra8+ 97.Kb4 Ra1 98.Kb3 Rc1
99.Kb4 Bc2 100.Kb5 Kc3 101.Rb4 Bd3+ 102.Kc5  1/2-1/2

[Event "Brno-A"]
[Site "Brno"]
[Date "1995.??.??"]
[Round "6"]
[White "Kratochwil, Christian"]
[Black "Narciso Dublan, Marc"]
[Result "0-1"]
[WhiteElo "2360"]
[BlackElo "2390"]

1.d4 d5 2.c4 Nc6 3.Nc3 dxc4 4.Nf3 Nf6 5.e4 Bg4 6.d5 Ne5 7.Bf4 Ng6 8.Be3 e5
9.Bxc4 a6 10.h3 Bd7 11.a4 Bb4 12.Qd3 O-O 13.O-O Qe7 14.Ne2 c6 15.Bg5 h6 16.d6 Qd8
17.Bd2 Qa5 18.Bxb4 Qxb4 19.a5 Rad8 20.Rfd1 Bc8 21.Ng3 Nf4 22.Qc2 Rxd6 23.Nxe5 Be6
24.Bxe6 Nxe6 25.Nd3 Qb5 26.e5 Rxd3 27.Qxd3 Qxe5 28.Qc3 Qb5 29.b3 Nd5 30.Qc4 Nc5
31.Ra3 Re8 32.Nf5 Qb4 33.Qxb4 Nxb4 34.Ne3 g6 35.Rd4 Ncd3 36.Ra4 c5 37.Rd6 Nc1
38.Ra3 Ne2+ 39.Kh2 Nd4 40.Nd5 Nb5 41.Nf6+ Kf8 42.Nxe8 Kxe8 43.Rb6 Nxa3 44.Rxb7 Nb5
45.g4 Nd4 46.Kg3 Nxb3 47.Kf3 Nxa5 48.Rc7 Nac6 49.Ke2 c4 50.f4 c3 51.Kd1 c2+
52.Kc1 Nd4 53.Kb2 Nd3+  0-1

[Event "Bucharest"]
[Site "Bucharest"]
[Date "1995.??.??"]
[Round "6"]
[White "Grigore, George"]
[Black "Popescu, Daniel Dorin"]
[Result "1/2-1/2"]
[WhiteElo "2445"]
[BlackElo "2420"]

1.d4 d5 2.c4 Nc6 3.Nc3 Nf6 4.Nf3 Bg4 5.cxd5 Bxf3 6.gxf3 Nxd5 7.e4 Nxc3 8.bxc3 e5
9.d5 Nb8 10.Qa4+ Nd7 11.Rb1 Bd6 12.Bh3 Ke7 13.Bxd7 Qxd7 14.Qxd7+ Kxd7 15.Rxb7 Rhb8
16.Rxb8 Rxb8 17.Kd1 Bc5 18.Rf1 Rb6 19.Kc2 Rf6 20.Be3 Kd6 21.f4 Bxe3 22.fxe3 Kc5
23.Kd3 g5 24.f5 g4 25.a4 a5 26.Rg1 h5 27.Rg2 Rb6 28.Rg3 Rh6 29.Rg1 Rb6  1/2-1/2

[Event "Ciocaltea mem"]
[Site "Bucharest"]
[Date "1995.??.??"]
[Round "8"]
[White "Dumitrache, Dragos"]
[Black "Atalik, Suat"]
[Result "1-0"]
[WhiteElo "2530"]
[BlackElo "2500"]

1.d4 d5 2.c4 Nc6 3.Nf3 Bg4 4.cxd5 Bxf3 5.gxf3 Qxd5 6.e3 e6 7.Nc3 Qh5 8.Bd2 O-O-O
9.f4 Qxd1+ 10.Rxd1 Nf6 11.Bg2 Ne7 12.Rc1 Kb8 13.Ke2 Nf5 14.Rhd1 h6 15.Kf1 Be7
16.Ne2 g5 17.Ba5 Rd7 18.Bh1 Nd6 19.Rc2 c6 20.Rcc1 Nd5 21.Bg2 f5 22.fxg5 hxg5
23.h3 Rf8 24.Ng1 g4 25.Ne2 Bg5 26.Bd2 Ne4 27.Nc3 Nxd2+ 28.Rxd2 f4 29.Nxd5 exd5
30.hxg4 f3 31.Bxf3 Rxf3 32.Kg2 Rf8 33.Rh1 Rg7 34.Kg3 Re8 35.Re2 Re4 36.Rh5 Kc7
37.Re1 Bf6 38.f3 Re8 39.Kf2 Rge7 40.Rhh1 c5 41.dxc5 Bxb2 42.Rd1 Kc6 43.Rh5 Re5
44.Rxe5 Bxe5 45.f4 Bc3 46.Rd3 Bb4 47.g5 Bxc5 48.Kf3 b5 49.f5 Rg8 50.g6 Be7
51.Rc3+ Kb6 52.Rd3 Rd8 53.Kf4 Kc5 54.e4 d4 55.e5 Kd5 56.g7 Rg8 57.f6 Ke6
58.Rxd4 a6 59.Rd3 b4 60.Ke4 a5 61.Rd5 a4 62.Rb5 Bxf6 63.Rb6+ Kf7 64.exf6 Kg6
65.Ke5 b3 66.axb3 axb3 67.Ke6 Re8+ 68.Kd7 Ra8 69.Ke7 Ra7+ 70.Ke6 Ra8 71.Rxb3 Ra6+
72.Kd7 Ra7+ 73.Kc8 Ra8+ 74.Rb8  1-0

[Event "Budapest FS07 IM-A"]
[Site "Budapest"]
[Date "1995.??.??"]
[Round "?"]
[White "Dobos, Jozsef"]
[Black "Maier, Alexander"]
[Result "0-1"]
[WhiteElo "2350"]
[BlackElo "2270"]

1.d4 d5 2.c4 Nc6 3.Nc3 dxc4 4.d5 Ne5 5.Qd4 Ng6 6.e4 e5 7.Qxc4 Bd6 8.Bd3 Nf6
9.Nge2 a6 10.a4 O-O 11.Qb3 Nf4 12.Nxf4 exf4 13.f3 c6 14.Bd2 cxd5 15.Nxd5 Be6
16.Bc4 Bxd5 17.Bxd5 Nxd5 18.Qxd5 Qb6 19.a5 Qxb2 20.O-O Rfd8 21.Rab1 Qa3 22.Kh1 Rab8
23.Bc1 Qa4 24.Rxb7 Rxb7 25.Qxb7 Qc4 26.Rg1 Bc5 27.Qc7 Qd4 28.Re1 Qd1  0-1